| 000 | 00591nam a22002057a 4500 | ||
|---|---|---|---|
| 999 |
_c18 _d18 |
||
| 003 | OSt | ||
| 005 | 20210121094846.0 | ||
| 008 | 171005b xxu||||| |||| 00| 0 eng d | ||
| 020 | _a9780130994004 | ||
| 040 |
_aMMU _beng _cMMU _dMMU |
||
| 050 | _aG 155 .A1M35 2006 | ||
| 100 | _aWall, Geoffrey | ||
| 245 |
_aTourism : _bchange ,impacts and opportunities / _cWall Geoffrey . |
||
| 260 |
_aNew York : _bPearson Education Limited, _c2006. |
||
| 300 |
_a412 p.: _bill.; |
||
| 500 | _aIncludes index and bibliography | ||
| 650 | _aTourism | ||
| 700 | _aAlister Mathieson | ||
| 942 |
_2lcc _cLOAN LOAN |
||